| 000 | 00806nam a22002417a 4500 | ||
|---|---|---|---|
| 003 | OSt | ||
| 005 | 20251106081119.0 | ||
| 008 | 251106b |||||||| |||| 00| 0 eng d | ||
| 020 | _a1-55766-601-6 | ||
| 040 |
_aDWCl-Main Lib _cOC |
||
| 082 | _aCirc. 370.15 K37 2003 | ||
| 100 | _aKeogh, B. | ||
| 245 |
_aTemperament in the classroom : _bunderstanding individual differences _cKeogh, Barbara K. |
||
| 260 |
_aBaltimore : _b Paul H. Brookes Publishing, Co., _cc2003 |
||
| 300 |
_axvii, 199 pages : _c23 cm. |
||
| 504 | _aIncludes index | ||
| 650 | _2Child development | ||
| 650 | _2Learning, psychology of | ||
| 650 | _2Temperament in children | ||
| 700 | _aChess, Stella | ||
| 700 | _aThomas, Alexander | ||
| 942 |
_2ddc _cBK-CIRC _hCirc. 370.15 K37 2003 _kCirc. _n0 |
||
| 999 |
_c5623 _d5623 |
||